Welcome to the Holygrace Academy Library

Please use search bar below to get started

SARI EATAVUM SARI (Record no. 1655)

MARC details
000 -LEADER
fixed length control field 00215nam a22001097a 4500
082 ## - DEWEY DECIMAL CLASSIFICATION NUMBER
Classification number 894.812.3
Item number VAS/S
100 ## - MAIN ENTRY--AUTHOR NAME
Personal name VASU, K K
245 ## - TITLE STATEMENT
Title SARI EATAVUM SARI
300 ## - PHYSICAL DESCRIPTION
Number of Pages 120
650 ## - SUBJECT ADDED ENTRY--TOPICAL TERM
Topical Term STORY
Geographic subdivision KERALA
942 ## - ADDED ENTRY ELEMENTS (KOHA)
Koha item type Books
Holdings
Withdrawn status Lost status Collection code Home library Current library Shelving location Date acquired Source of acquisition Full call number Accession Number Koha item type
    Fiction Main Library Main Library SHELF-6C MALAYALAM SHORT STORIES 02/12/2013 PURCHASE 894.812.3 VAS/S 07174 Books